000 01432nam a2200361Ia 4500
001 ebr10310625
003 CaPaEBR
006 m u
007 cr cn|||||||||
008 940919s1995 enka sb 001 0 eng d
010 _z 94038066
020 _z9780632036417
020 _z0632036419
040 _aCaPaEBR
_cCaPaEBR
035 _a(OCoLC)647821456
050 1 4 _aQC879.6
_b.B566 1995eb
245 0 0 _aBiogenic trace gases
_h[electronic resource] :
_bmeasuring emissions from soil and water /
_cedited by P.A. Matson, R.C. Harriss.
260 _aOxford [England] ;
_aCambridge, MA, USA :
_bBlackwell Science,
_c1995.
300 _axi, 394 p. :
_bill.
490 1 _aMethods in ecology
504 _aIncludes bibliographical references and index.
533 _aElectronic reproduction.
_bPalo Alto, Calif. :
_cebrary,
_d2011.
_nAvailable via World Wide Web.
_nAccess may be limited to ebrary affiliated libraries.
650 0 _aAtmospheric chemistry
_xTechnique.
650 0 _aBioclimatology
_xTechnique.
650 0 _aBiogeochemistry
_xTechnique.
650 0 _aAgricultural ecology
_xTechnique.
655 7 _aElectronic books.
_2local
700 1 _aMatson, P. A.
_q(Pamela A.)
700 1 _aHarriss, Robert C.
710 2 _aebrary, Inc.
830 0 _aMethods in ecology.
856 4 0 _uhttp://site.ebrary.com/lib/rucke/Doc?id=10310625
_zAn electronic book accessible through the World Wide Web; click to view
999 _c62053
_d62053